Statistics for Asian Geography By Letter - S

Click here to take the quiz!

General Stats

  • This quiz has been taken 24,449 times
    (23,963 since last reset)
  • The average score is 13 of 22

Answer Stats

Clue Answer % Correct
The teardrop of IndiaSri Lanka
94%
Vast, frigid region of Eastern RussiaSiberia
89%
Country with a belligerent
northern neighbor
South Korea
89%
Capital of the aboveSeoul
87%
Where chewing gum is bannedSingapore
87%
Country ruled by the brutal AssadSyria
86%
Country with vast oil reservesSaudi Arabia
84%
Ancient trading route from
China to Europe
{Silk} Road
84%
Now called Ho Chi Minh CitySaigon
72%
Home to the Pudong skylineShanghai
68%
Sea bordered by China, Vietnam,
and Philippines
South China Sea
64%
Island where you'd find orangutansSumatra
59%
Capital of YemenSana'a
55%
Pakistan, India, and
Bangladesh collectively
Indian
{Subcontinent}
51%
Southwestern Chinese province
known for spicy cuisine
Sichuan
51%
Currency of IsraelShekel
43%
The Maluku islands of Indonesia;
known for nutmeg, clove, and mace
{Spice} Islands
42%
The vast Eurasian grasslandsSteppe
41%
Largest city on HokkaidoSapporo
37%
Indonesian island once called CelebesSulawesi
24%
City to Hong Kong's immediate northShenzhen
24%
Mangrove region of Bengal that is
home to many tigers
Sunderbans
9%

Score Distribution

Percentile by Number Answered

Percent of People with Each Score

Your Score History

You have not taken this quiz since the last reset